=LDR 00000nam 2200000 4500 =001 INLIS000000000011161 =005 20130612102743 =008 ***********************************Ind** =035 ##$$0010-061300000011161 =041 ##$$a Ind =082 ##$$a 597.55 =090 ##$$a 597.55, Suy N =100 ##$$a Suyanto.s.Racmatun =245 ##$$a Nila, Rahcmatun Suyanto =260 ##$$a 1995 $b Jakarta =300 ##$$a VII, 105 hlm., ilus, 21 cm =650 ##$$a Nila(ikan) =850 ##$$a NBPNMAT